000 00742cam a22002171 4500
001 sa 63003204
003 DLC
005 20260227111940.0
008 891016s1962 ii 000 0 hino
010 _asa 63003204
035 _a(OCoLC)20498019
040 _aDLC
_cWaU
_dNRU
_dDLC
042 _apremarc
050 0 0 _aPK2095.M3
_bJ32 1962b
100 0 _aMalik Muhammad Jayasi,
_dactive 1540.
245 1 0 _aJāyasī granthāvalī saṭīka;
_bPadmāvata saṭika, saṭippaṇa tathā Akharāvaṭa, Ākhir ī Kalāma aura Maharī Bāīsī kevala mula.
_cVyākhyākāra Śrīnivāsa Śarmā.
260 _aDillī,
_bAśoka Prakāśana
_c[1962]
300 _a672 p.
_c19 cm.
500 _aIn Hindi.
700 1 _aŚarmā, Śrīnivāsa,
_d1933-
999 _c54946
_d54946